| 000 | 00679nam a2200193 i 4500 | ||
|---|---|---|---|
| 001 | 27352 | ||
| 003 | ES-MaACL | ||
| 005 | 20230906200000.0 | ||
| 007 | t| | ||
| 008 | 030114s1892 sp ||||1| spa d | ||
| 100 | 1 |
_aHoyos Sáinz, Luis de, _d1868-1951 _964437 |
|
| 245 | 1 | 3 |
_aUn avance a la antropología de España / _cpor Luis de Hoyos Sáinz, Telesforo de Aranzadi. |
| 260 |
_aMadrid : _b[s.n.], _c1892 ( _fEstab. Tip. de Fortanet) |
||
| 300 |
_a71 p., [3] h. de mapas : _bgraf. ; _c23 cm. |
||
| 650 | 4 |
_aAntropología física- _zEspaña. _9158860 |
|
| 700 | 1 |
_aAranzadi, Telesforo de, _d1860-1945 _922335 |
|
| 852 |
_aES-MaACL _jT-682-F-3 |
||
| 999 |
_c27352 _d27352 |
||